POZNÁMKA K METODIKE MATURITNÝCH SKÚŠOK

Podrobná bibliografia
Hlavný autor: Rovňák, Andrej (Autor)
Médium: Článok
Jazyk:slovenčina

MARC

LEADER 00000nab a2200000 a 4500
001 vtls010725967
003 SK-MaSNL
005 20260304191742.0
008 250709s xo |||||||||||||||||slo|
035 |a (urnnbn)urn:nbn:sk:snk:ar-a04z99 
035 |a (uuid)e56342e2-c4ea-4adc-98f0-158487bafa3f 
035 |a urn:nbn:sk:snk-ab3prp 
040 |a SNKBUCL  |b slo  |c SNKBUCL  |e AACR2 
041 0 |a slo 
044 |a xo  |c SK 
100 1 |a Rovňák, Andrej  |4 aut  |9 7595 
245 1 0 |a POZNÁMKA K METODIKE MATURITNÝCH SKÚŠOK  |c Andrej Rovňák 
773 0 |t Slovenský jazyk a literatúra v škole : časopis pre otázky jazyka a literatúry  |g Roč. 10, č. 8 (1963-1964), s. 254-255 
850 |a Slovenská národná knižnica 
852 |a Slovenská národná knižnica 
954 |a odborná, vedecká literatúra pôvodná (slovenská)  |2 lita 
958 |a article1 
958 |a OND 
958 |a EUIPO 
999 |c 3056246  |d 3058176